000 01380nam a22003857a 4500
003 CHAP
005 20220329141454.0
008 971013s1989 r 00010 d
010 _a68721
011 _a69693
035 _a79170
040 _cCHAP
090 _aTesis
100 0 0 _aLópez Alcocer, Eduardo.
_967649
245 _aSelección de lineas de frijol (Phaseolus vulgaris L.) y determinación de las variables que inciden en la fijación simbiótica de nitrógeno y rendimiento de semilla
260 _aMontecillo, Méx. :
_bEl autor,
_c1989
300 _a172 h.
500 _a31-114
502 _aTesis (Doctor en Ciencias Esp. en Suelos) -- CP. Centro de Edafología
590 _aALEPH
_b10
_c20130110
_lUCH01
_h1405
590 _aBATCH-UPD
_b10
_c20130110
_lUCH01
_h0323
590 _aBATCH-UPD
_b10
_c20130110
_lUCH01
_h2100
590 _aBATCH-UPD
_b10
_c20130409
_lUCH01
_h2355
590 _aBATCH-UPD
_b10
_c20130410
_lUCH01
_h1502
590 _aBATCH-UPD
_b10
_c20130914
_lUCH01
_h1442
590 _aCONVERSION
_b10
_c20130109
_lUCH01
_h1338
650 1 4 _aFrijol
_xMejoramiento.
_943404
650 1 4 _aFrijol
_xRendimiento.
_943429
650 1 4 _aFrijol
_xVariedades.
_943446
650 1 4 _aNitrógeno
_xFijación.
_981472
901 _aBK
942 _cFOLL
949 _bBC
_cTES
_d-32052
_eTS1
_h21432
_i79170
_si
949 _bBC
_cTES
_d-94220
_eTS2
_fc.2
_h21433
_i79170
_si
999 _c68721
_d68721